| 000 | 01016nam a2200229Ia 4500 | ||
|---|---|---|---|
| 001 | L130-27020 | ||
| 003 | IT-CnALBA | ||
| 008 | 170116s9999||||xx |||||||||||||| ||und|| | ||
| 040 |
_aIT-CnALBA _cIT-CnALBA |
||
| 041 | _aITALIANO | ||
| 100 | _aBERZANO LUIGI | ||
| 245 | 0 | _aMAGHI E MAGIE NELL'ITALIA DI OGGI. | |
| 250 | _a1a ed. | ||
| 260 |
_a FIRENZE _bPONTECORBOLI A., EDITORE _c1991 [1° Ed.:1991 - Ed.Ling.Originale: 1991] |
||
| 300 | _a189 p. | ||
| 500 | _aA CURA DI MACIOTI M. I. DINI V. IL MILIEU CARISMATICO. GLI IMPRENDITORI DEL MAGICO. CATEGORIE MAGICHE. RELIGIONE E AUTOPERFEZIONAMENTO. NOTA BIBLIOGRAFICA. | ||
| 501 | _aSocietà San Paolo EM - Piazza San Paolo, 14 - 12051 ALBA (CN) (non commercial uses only) ® Copyright 2017 | ||
| 520 | _aA CURA DI MACIOTI M. I. DINI V. IL MILIEU CARISMATICO. GLI IMPRENDITORI DEL MAGICO. CATEGORIE MAGICHE. RELIGIONE E AUTOPERFEZIONAMENTO. NOTA BIBLIOGRAFICA. | ||
| 650 | _aPSICOLOGIA POPOL. PARAPSICOL. OCCULTIS | ||
| 942 | _cBK | ||
| 957 | _71 | ||
| 999 |
_a31808 _bNO _g Copie: 1 _c286124 _d286124 |
||